[Event "11th LCC Super Blitz KO 2019"]
[Site "London"]
[Date "2019.12.08"]
[Round "4.2"]
[White "Gharamian, Tigran"]
[Black "Moussard, Jules"]
[Result "1-0"]
[WhiteElo "2603"]
[BlackElo "2598"]
[Annotator "TA"]
[PlyCount "111"]
[EventDate "2019.12.08"]
[EventType "k.o."]
[EventCountry "ENG"]
[SourceTitle "playchess.com"]
[Source "ChessBase"]
[SourceQuality "1"]

{[%evp 17,131,0,0,0,4,8,12,13,24,0,13,24,36,33,37,29,31,46,34,39,54,38,58,52,57,54,106,56,62,51,196,187,220,213,250,8,265,155,300,13,20,35,11,13,6,30,300,42,365,37,21,-351,25,33,449,0,0,-49,-18,-45,-8,-45,0,-47,0,0,64,56,357,305,409,405,379,376,379,372,537,523,830,804,822,822,778,538,744,768,768,768,759,753,2752,2445,12808,6805,5406,1417,29977,29978,29978,29978,29974,2867,29981,29982,29982,29983,29988,29984,29988,29989,29989,29985,29989,29990,29991,29992]} 1. e4 c5 2. Nf3 d6 3. Bc4 Nc6 4. c3 Nf6 5. d3 e6 6. Bb3 Be7 7. O-O O-O 8. Re1 b6 9. Nbd2 Bb7 10. Nf1 {B50: Sicilian: 2...d6, Miscellaneous} b5 (10... Rc8 11. Ng3 Ne5 12. Bf4 Qc7 13. d4 Ng6 14. Bd2 cxd4 15. cxd4 d5 16. e5 Ne4 17. Rc1 Qd7 {1-0 (41) McShane,L (2623)-Shabalov,A (2585) Philadelphia 2010}) 11. d4 Qc7 12. Ng3 {The position is equal.} Rfe8 13. h3 $146 ({Predecessor:} 13. Qe2 a5 14. dxc5 dxc5 {1-0 (36) Bergez,L (2376)-Bresciani,N (2284) Bratto 2004}) 13... a5 14. a4 b4 15. d5 exd5 16. exd5 Ne5 17. Nxe5 dxe5 18. c4 Bf8 19. Bg5 {And now Bxf6 would win.} Nd7 20. Bc2 $36 {[%mdl 2048] White fights for an advantage.} g6 $1 21. Qg4 Ra6 (21... f6 $14) 22. Rad1 Bc8 23. Qh4 f5 (23... f6 $14) 24. Nxf5 $1 $18 gxf5 25. Bxf5 {[%csl Gf5][%cal Rh4h7]} Nb8 26. Bc2 $2 (26. Be4 $1 $18) 26... h6 $2 {[%mdl 8192]} (26... Qf7 $1 $11) 27. Bf6 (27. d6 $1 $18 {[%cal Rd6c7]} Rxd6 28. Rxd6 Qxd6 29. Re3) 27... Bg7 (27... Rxf6 $16 {was worth a try.} 28. Qxf6 Qg7 29. Qxg7+ Bxg7) 28. d6 $2 (28. Bxg7 $18 Kxg7 29. Re3) 28... Rxd6 $11 29. Rxd6 Qxd6 30. Bxg7 Kxg7 31. Re3 Rg8 $2 {[%mdl 8192] [#]} (31... e4 $1 $11 {and Black has nothing to worry.}) 32. Qe4 $2 ({White must play} 32. Rg3+ $1 $18 Kh8 33. Rf3) 32... Kf8 $2 {[%mdl 8192]} (32... Nd7 $1 $14) 33. Rd3 $2 ({Only move:} 33. Rf3+ $18 Ke8 34. Qh7) 33... Qe7 $14 34. Qa8 $2 {[%mdl 8192]} (34. Qf3+ $11 {and White is okay.} Kg7 35. Qh5) 34... e4 $2 (34... Qb7 $19 35. Rd8+ Kf7 36. Qxb7+ Bxb7 37. Rxg8 Kxg8) 35. Re3 $11 Qd6 $2 {[%mdl 8192]} ({Black should play} 35... Qe5 $1 $14) 36. Bxe4 $2 (36. Qxe4 $18 {Threatening mate with Qe8+.} Be6 37. Qxe6 Qxe6 38. Rxe6) 36... Be6 37. Bf3 {aiming for Rxe6!} Kg7 38. Qxa5 Nd7 39. Qa7 Kh8 40. Qb7 Ne5 {Strongly threatening ...Bxh3.} 41. Be4 {[%csl Ge4][%cal Rb7h7]} Qd7 ({Better is} 41... Rg7 $11 42. Qa8+ Rg8) 42. Qxd7 $14 Bxd7 $4 {[%mdl 8192]} (42... Nxd7 $14 43. b3 Rg7) 43. Bd5 $1 $18 {[%csl LRe5,LRg8][%mdl 64] Discovered Attack} Nc6 44. Bxg8 Kxg8 45. Rd3 Nd4 46. a5 {[%cal Ba4a5,Ba5a6,Ba6a7][%mdl 32]} Kf7 (46... Bc8 $142 47. Re3 Kf8) 47. a6 Bc6 48. Re3 Kf6 49. a7 Ne6 50. Rd3 Ke7 51. Rg3 Kf7 52. h4 Bb7 53. h5 Be4 {[#]} 54. Rg6 $1 {[%mdl 512]} Bb7 (54... Bxg6 55. hxg6+) 55. Rxh6 Be4 {[#]} 56. Rh8 {Played: Rh6-h7} 1-0

[Event "11th LCC Super Blitz KO 2019"]
[Site "London"]
[Date "2019.12.08"]
[Round "4.2"]
[White "Moussard, Jules"]
[Black "Gharamian, Tigran"]
[Result "1-0"]
[WhiteElo "2598"]
[BlackElo "2603"]
[Annotator "TA"]
[PlyCount "73"]
[EventDate "2019.12.08"]
[EventType "k.o."]
[EventCountry "ENG"]
[SourceTitle "playchess.com"]
[Source "ChessBase"]
[SourceQuality "1"]

{[%evp 10,73,24,22,32,27,37,32,22,24,36,29,38,0,20,27,32,31,43,23,40,0,43,64,175,173,1362,570,721,723,715,715,707,700,615,692,678,670,672,664,643,639,589,583,529,568,560,547,590,588,799,771,1900,1853,1767,765,792,791,775,759,725,729,672,631,1362,1353]} 1. e4 c6 2. Nc3 d5 3. Nf3 dxe4 4. Nxe4 Nf6 5. Qe2 Nxe4 6. Qxe4 Nd7 {B11: Caro-Kann: Two Knights Variation} (6... Qa5 7. Bd3 Na6 8. Qe5 Qxe5+ 9. Nxe5 Nb4 10. Be4 f6 11. c3 Nd5 12. Nf3 a5 13. d4 a4 14. Bd2 {½-½ (41) Adams,M (2703)-Howell,D (2696) London 2018}) (6... Be6 7. c4 Nd7 8. d4 Nf6 9. Qh4 Bf5 10. Be2 e6 11. O-O Be7 12. Qg3 O-O 13. Rd1 Re8 14. Ne5 {0-1 (57) Moussard,J (2571)-Gharamian,T (2626) Schifflange 2017}) 7. Bc4 {Hoping for Ng5!} Nf6 8. Ne5 {[%csl Ge5][%cal Rc4f7]} e6 {White is slightly better.} 9. Qe2 b5 10. Bd3 ({Much weaker is} 10. Nxc6 Qc7 $15) 10... Qc7 11. b3 Bb7 12. O-O $146 ({Predecessor:} 12. Bb2 Bd6 13. O-O O-O 14. Rae1 {1-0 (24) Hansen,T (2406)-Kumar,N (2274) Reykjavik 2017}) 12... Be7 13. Bb2 O-O 14. c4 b4 15. f4 Rae8 16. Rf3 Bc5+ (16... g6 $14) 17. Kh1 $18 Qb6 $2 {[#]} (17... g6) 18. Nd7 $1 {[%mdl 512]} Nxd7 {[#]} 19. Bxh7+ $1 {[%mdl 512]} Kxh7 20. Rh3+ $1 Kg8 {[#]} 21. Bxg7 $1 {[%mdl 512] Intending Qh5 and mate.} f5 {[#]} (21... Kxg7 22. Qg4+) 22. Qh5 $1 {[%cal Rh5h7] Threatening mate with Qh7+.} Re7 23. Qh7+ Kf7 {Strongly threatening ...Ke8.} 24. Bxf8+ Ke8 25. Bxe7 Bxe7 26. Qg6+ Kd8 27. Qxe6 Qd4 28. Re1 Bc5 29. Qxf5 {And now Rd3 would win.} Qxd2 {[%cal Rd2e1]} 30. Qe4 Bc8 31. Rd3 Qf2 32. Red1 Kc7 33. Qh7 Kb6 34. Rxd7 Bxd7 35. Qxd7 Qxf4 36. Qd2 Be3 37. Qxb4+ {Accuracy: White = 54%, Black = 29%.} 1-0

[Event "11th LCC Super Blitz KO 2019"]
[Site "London"]
[Date "2019.12.08"]
[Round "4.2"]
[White "Harvey, Marcus R"]
[Black "Jones, Gawain C B"]
[Result "1/2-1/2"]
[WhiteElo "2412"]
[BlackElo "2683"]
[Annotator "TA"]
[PlyCount "170"]
[EventDate "2019.12.08"]
[EventType "k.o."]
[EventCountry "ENG"]
[SourceTitle "playchess.com"]
[Source "ChessBase"]
[SourceQuality "1"]

{[%evp 15,170,5,14,10,13,7,31,0,10,0,7,-1,10,0,31,0,33,23,54,-10,-16,-18,0,0,0,0,0,0,0,0,0,0,0,-15,11,-20,-19,-35,-22,-24,-17,-118,-15,-17,-16,-18,-10,-12,-8,-28,-29,-50,0,0,8,8,47,44,58,35,39,18,19,8,64,0,64,0,0,0,0,0,0,0,35,35,35,35,35,35,35,35,35,35,35,35,35,35,35,35,35,35,35,35,35,35,35,35,35,35,35,35,35,35,35,35,35,35,35,35,35,35,35,35,35,0,0,0,0,0,8,8,8,8,8,8,8,8,8,8,8,8,8,8,8,8,8,8,8,8,8,8,8,0,0,0,0,0,0,0,0,0,0,0,0,0,0]} 1. Nf3 g6 2. b3 Bg7 3. d4 c5 4. Bb2 Nc6 5. e3 d5 6. Be2 cxd4 7. Nxd4 Nf6 8. O-O O-O 9. Nxc6 {D04: Colle System} bxc6 10. c4 Re8 (10... a5 11. cxd5 cxd5 12. Nc3 Ne4 13. Qc1 Nxc3 14. Bxc3 e5 15. Rd1 d4 16. exd4 exd4 {0-1 (36) Adly,A (2594)-Svidler,P (2753) Dubai 2014}) 11. Nc3 {White is slightly better.} e5 12. cxd5 $146 ({Predecessor:} 12. Na4 Bf5 13. Re1 Qd6 14. Qd2 Rad8 15. Rad1 {1-0 (92) Moussard,J (2521)-Shchekachev,A (2544) Orsay 2018}) 12... cxd5 13. Bb5 Re6 14. Na4 Ne4 15. Rc1 Bb7 16. f3 Nd6 17. Bc6 (17. Nc5 $14) 17... Bxc6 $11 18. Rxc6 Nf5 19. Rxe6 fxe6 20. Qd3 d4 21. exd4 exd4 22. Qe4 Qd5 23. Qxd5 exd5 24. Nc5 Rc8 25. b4 Ne3 26. Re1 {[#]} a5 $1 {[%mdl 512]} 27. a3 (27. bxa5 Rxc5) 27... Nc4 28. Nd3 (28. Bc1 $11) 28... axb4 (28... Nxb2 $17 29. Nxb2 Rc3 30. bxa5 Rxa3) 29. axb4 Nxb2 30. Nxb2 $17 {[%mdl 4096] Endgame KRB-KRN} Rc2 31. Nd3 Rd2 32. Nf4 d3 33. h4 $1 Bh6 34. Nxd5 Rb2 35. Rd1 d2 36. Kf2 Kf7 37. Ke2 Ke6 38. Nc3 Rxb4 39. Ne4 Ke5 ({Better is} 39... Rb2 $11) 40. Nxd2 (40. g3 $1 $14) 40... Rb2 (40... Bxd2 $11 41. Rxd2 Rxh4) 41. g4 ({White should play} 41. g3 $1 $14) 41... Bf4 $11 42. Kd3 {[#] aiming for Nc4+.} Bxd2 43. Rxd2 {KR-KR} Rb3+ 44. Ke2 h5 45. gxh5 gxh5 46. Kf2 Rb4 47. Kg3 Kf6 48. Rd6+ Kg7 49. Rd5 Kg6 50. Rg5+ Kh6 $1 51. Ra5 Kg6 52. Ra6+ $1 Kg7 53. Re6 Ra4 54. Re4 Ra5 55. Kf4 Kf6 56. Rb4 Kg6 57. Rb6+ Kg7 58. Re6 Ra4+ 59. Kg3 Rb4 60. Re4 Rb5 61. Ra4 Kg6 62. Kf4 Kf6 63. Ra6+ Kf7 64. Rh6 Rb4+ 65. Kf5 Rxh4 {The position is equal.} 66. Rh7+ Ke8 67. Kg5 Rh1 68. Rxh5 Rf1 69. f4 Kf7 70. Rh7+ Kg8 71. Rb7 Kf8 72. f5 Ra1 73. Kg6 {Hoping for Rb8+.} Rg1+ 74. Kf6 {[%cal Rb7b8]} Kg8 $1 75. Rb8+ Kh7 76. Kf7 Ra1 77. Re8 {Black must now prevent Re3.} Ra7+ 78. Re7 Ra6 79. f6 Ra8 80. Ke6+ Kg8 81. Rg7+ Kf8 82. Rh7 {[%cal Rh7h8]} Ra6+ 83. Kf5 {Kg6 is the strong threat.} Ra1 84. Rh8+ Kf7 85. Rh7+ Kf8 {Accuracy: White = 69%, Black = 65%.} 1/2-1/2

[Event "11th LCC Super Blitz KO 2019"]
[Site "London"]
[Date "2019.12.08"]
[Round "4.3"]
[White "Jones, Gawain C B"]
[Black "Harvey, Marcus R"]
[Result "1-0"]
[WhiteElo "2683"]
[BlackElo "2412"]
[Annotator "TA"]
[PlyCount "75"]
[EventDate "2019.12.08"]
[EventType "k.o."]
[EventCountry "ENG"]
[SourceTitle "playchess.com"]
[Source "ChessBase"]
[SourceQuality "1"]

{[%evp 9,81,24,27,24,16,15,25,0,0,5,0,0,22,21,22,0,0,0,0,0,0,0,0,0,0,0,25,25,78,81,96,86,93,74,295,295,259,80,166,68,70,35,47,43,51,25,19,19,69,20,76,71,131,146,118,85,297,283,1412,1260,1168,1242,1126,966,1185,1171,1360,1316,29987,29988,29996,29997,29998,29999]} 1. e4 e6 2. d4 d5 3. Nd2 h6 4. Ngf3 Nf6 5. e5 Nfd7 6. Bd3 {C03: French Tarrasch: Unusual Black 3rd moves} c5 7. c3 Nc6 8. Bc2 {White has an edge.} cxd4 9. cxd4 Qb6 10. Nb3 Bb4+ $146 ({Predecessor:} 10... a5 11. a4 {1-0 (26) Jones,G (2644)-Camus de Solliers,G (2346) England 2013}) 11. Kf1 a5 {Black wants to play ...a4.} 12. Be3 a4 13. Nc1 a3 14. bxa3 Rxa3 15. Rb1 Qa6+ 16. Kg1 Be7 17. h4 Nb4 18. Bb3 Nb8 (18... Nb6 $1 $11) 19. Rh3 $16 N8c6 20. Rg3 Kf8 21. Bd2 Nd3 $2 (21... Qa8 $16) 22. Nxd3 $18 Qxd3 23. Rc1 $2 (23. Ng5 $18 Qxb1 24. Qxb1 hxg5 25. Bxg5) 23... Qa6 {[#]} (23... Rg8 $16) 24. Bc3 (24. Ne1 $1 $18) 24... Bd7 25. Qe1 Qb6 26. Rb1 {And now Bxd5! would win.} Qa7 27. Bb2 Ra6 28. h5 Rb6 29. Rc1 Qa5 (29... Na5 $11) 30. Qe3 Ba3 ({Black should play} 30... Qa8) 31. Bxa3+ $16 Qxa3 32. Qf4 Qa8 $2 (32... Qb2 $16) 33. Nh4 $18 Ne7 $2 (33... Kg8 34. Rcc3 Qf8) 34. Ng6+ Nxg6 35. hxg6 {[%csl Gg6][%cal Rf4f7]} Qe8 36. Rf3 Rc6 37. Rxc6 Bxc6 38. Qc1 {Played: Qf4-h4} 1-0

[Event "11th LCC Super Blitz KO 2019"]
[Site "London"]
[Date "2019.12.08"]
[Round "4.3"]
[White "Moussard, Jules"]
[Black "Gharamian, Tigran"]
[Result "0-1"]
[WhiteElo "2598"]
[BlackElo "2603"]
[Annotator "TA"]
[PlyCount "124"]
[EventDate "2019.12.08"]
[EventType "k.o."]
[EventCountry "ENG"]
[SourceTitle "playchess.com"]
[Source "ChessBase"]
[SourceQuality "1"]

{[%evp 10,124,26,24,34,33,27,14,32,33,26,23,21,18,27,20,26,17,23,8,10,14,27,29,17,12,25,10,47,47,81,35,106,106,109,89,88,47,86,77,87,66,71,0,0,0,33,0,11,0,0,0,0,-16,-13,-34,-15,-45,-35,-113,-106,-120,-121,-122,-86,-86,-29,-22,-22,-48,-47,-48,-48,-52,-8,-46,-46,-54,-39,-32,-35,-193,-96,-116,-58,-231,-239,-175,0,0,0,0,0,0,8,0,0,0,0,0,0,0,0,-8,-19,-29974,-29975,-29975,-29976,-29976,-29977,-29976,-29978,-29978,-29979,-29979,-29980]} 1. e4 c6 2. Nc3 d5 3. Nf3 dxe4 4. Nxe4 Nf6 5. Qe2 Nxe4 6. Qxe4 Be6 {B11: Caro-Kann: Two Knights Variation} (6... Qa5 7. Qh4 Nd7 8. Bc4 Ne5 9. Be2 Nxf3+ 10. Bxf3 Bf5 11. O-O Bxc2 12. d4 e6 13. Qg3 Bg6 14. h4 {1-0 (48) Wei,Y (2721)-Vachier Lagrave,M (2774) chess.com INT 2019}) 7. c4 Nd7 8. d4 Nf6 {The position is equal.} 9. Qe3 $146 ({Predecessor:} 9. Qh4 Bf5 10. Be2 e6 11. O-O Be7 12. Qg3 O-O 13. Rd1 Re8 14. Ne5 {0-1 (57) Moussard,J (2571)-Gharamian,T (2626) Schifflange 2017}) 9... Bf5 10. Bd3 (10. Nh4 {is interesting.} Be4 11. f3 Bg6 12. Be2 e6 13. Bd2) 10... Bxd3 11. Qxd3 e6 12. O-O Be7 13. Bf4 O-O 14. Rfe1 Re8 15. Rad1 Qa5 16. a3 Rad8 17. h3 b5 18. Ne5 Qa6 19. Rc1 Bd6 20. Qf3 Bxe5 (20... bxc4 $14 21. Nxc4 {[%mdl 64] Discovered Attack} Bxf4 22. Qxf4 Qa4) 21. Bxe5 $16 Nd7 22. cxb5 cxb5 23. Rc7 (23. Bc7 {is more complex.} Ra8 24. Rc6 Qa4 25. Rec1 a5 26. Ra1) 23... Nxe5 24. dxe5 Rf8 25. Rec1 (25. Qe3 {seems wilder.} Qa4 26. Rxa7 Qc2 27. Qc1 Qd3 28. Re3) 25... h6 26. Qb7 (26. Rb7 $16 Rb8 27. Rxb8 Rxb8 28. Rc7) 26... Qxb7 $11 27. Rxb7 {[%mdl 4096] Endgame KRR-KRR} Rd5 28. f4 g5 29. fxg5 hxg5 30. Re1 a5 31. Re4 Kg7 32. Kh2 Rc8 33. Re2 Rc4 34. Kg3 (34. b3 $15 Rf4 35. Re3) 34... Rf4 $1 $17 35. Kh2 Rf5 $1 36. g4 Rf3 ({Don't play} 36... Rfxe5 $6 37. Rf2 $11) 37. Kg2 Rdd3 (37... Rf4 $1 $17) 38. Rxb5 $11 Rxh3 39. Rxa5 Rdg3+ 40. Kf2 Rxg4 41. Rb5 Rh2+ 42. Ke1 (42. Ke3 $5 {[%cal Re2h2]} Rh3+ 43. Kd2 $15) 42... Rh1+ 43. Kd2 Rf4 44. Rg2 Kg6 45. b3 $2 (45. Rb8 $15) 45... g4 (45... Ra1 $19 {And now ...Ra2+ would win.} 46. Ke3 Rxa3) 46. a4 Ra1 (46... Kf5 $1 $17 47. a5 Rhf1) 47. Ke3 $2 ({Only move:} 47. Kc3 $1 $15) 47... Kf5 $19 48. Rb7 Re1+ $2 ({Black should try} 48... Kg5 $1 $19 49. Rb8 Re1+ 50. Kd3 Rxe5 51. Rg8+ Kf5) 49. Kd2 $11 Rxe5 {Hoping for ...Kg5.} 50. Rxf7+ Ke4 51. Re2+ Kf3 $1 $132 {[%mdl 2048] Black is fighting back} 52. Rxe5 Rxf7 53. Rxe6 {KR-KR} g3 54. Rg6 g2 55. Kd3 Rf4 {Strongly threatening ...Rg4.} 56. Rxg2 $1 Kxg2 {KR-KPP} 57. Kc3 $2 {[%mdl 8192]} (57. a5 $11) 57... Kf3 {Black mates.} 58. b4 Ke4 59. Kc4 Ke5+ 60. Kc5 {[#]} Ke6 $1 {[%cal Re6d7]} 61. a5 {[#]} Kd7 $1 {[%cal Rd7c7]} 62. b5 Kc7 {Accuracy: White = 35%, Black = 61%.} 0-1

[Event "11th LCC Super Blitz KO 2019"]
[Site "London"]
[Date "2019.12.08"]
[Round "5.1"]
[White "Jones, Gawain C B"]
[Black "Gharamian, Tigran"]
[Result "0-1"]
[WhiteElo "2683"]
[BlackElo "2603"]
[Annotator "TA"]
[PlyCount "109"]
[EventDate "2019.12.08"]
[EventType "k.o."]
[EventCountry "ENG"]
[SourceTitle "playchess.com"]
[Source "ChessBase"]
[SourceQuality "1"]

{[%evp 10,109,20,27,32,29,29,25,28,23,66,34,44,35,31,25,25,20,31,25,25,0,0,0,0,0,0,3,21,0,0,0,0,-13,-13,-13,-13,-13,-15,-10,-10,-21,-12,-28,-12,-14,-8,-22,-4,-27,-4,-31,-38,-34,-14,-34,0,-30,-9,-54,-35,-68,-52,-105,-105,-105,-105,-134,-160,-219,-227,-290,-270,-409,-315,-722,-672,-2777,-2610,-12840,-12840,-12841,-12841,-12841,-12842,-12842,-12843,-12843,-12843,-12844,-12844,-12845,-12845,-12845,-12846,-12846,-12847,-12847,-12847,-12847,-12847,-12849]} 1. e4 c6 2. Nc3 d5 3. Nf3 dxe4 4. Nxe4 Nf6 5. Qe2 Nxe4 6. Qxe4 Be6 {B11: Caro-Kann: Two Knights Variation} (6... Qa5 7. Qh4 Nd7 8. Bc4 Ne5 9. Be2 Nxf3+ 10. Bxf3 Bf5 11. O-O Bxc2 12. d4 e6 13. Qg3 Bg6 14. h4 {1-0 (48) Wei,Y (2721)-Vachier Lagrave,M (2774) chess.com INT 2019}) 7. b3 Nd7 8. Bb2 Nf6 {White has an edge.} 9. Qe3 Qa5 $146 ({Predecessor:} 9... Bf5 10. c4 e6 11. h3 h6 12. Be2 Be7 13. O-O O-O 14. Rfe1 {0-1 (39) Hansen,E (2629)-Lenderman,A (2626) Saint Louis 2018}) 10. Be2 Bg4 11. Ne5 Bxe2 12. Qxe2 e6 13. O-O Be7 14. Rfe1 {Nxf7! is the strong threat.} O-O 15. Ng4 Qf5 16. Bxf6 Bxf6 17. Nxf6+ Qxf6 18. Qe5 Qg6 19. Qe4 Qg5 20. Qe3 Qa5 21. Qc3 Qxc3 22. dxc3 $11 {[%mdl 4096] Endgame KRR-KRR} Rfd8 23. Rad1 Kf8 24. Rd3 Ke7 25. Red1 h5 26. f3 g5 27. Kf2 b5 28. g3 Rd5 29. Ke3 Rb8 30. Rd4 Rb6 31. Ra1 Re5+ 32. Re4 Rxe4+ (32... Rc5 {is interesting.} 33. Kd3 Rd5+ 34. Ke2 f5 35. Re3 g4) 33. Kxe4 $15 {KR-KR} Ra6 34. Kd3 c5 35. a3 f5 36. c4 (36. f4 $15) 36... b4 $17 37. a4 Rd6+ 38. Ke3 e5 39. Re1 (39. Rg1 $17) 39... Kf6 $19 40. Rf1 a5 41. Re1 (41. Rf2 $142 Rd1 42. f4) 41... g4 42. fxg4 $2 (42. Rf1 gxf3 43. Rxf3) 42... hxg4 {Black is clearly winning.} 43. h3 gxh3 44. Rh1 Kg5 45. Rxh3 Rh6 46. Rxh6 Kxh6 {KP-KP} 47. c3 bxc3 48. Kd3 f4 49. gxf4 exf4 50. Kxc3 {K3P-K3P} f3 51. Kd3 Kg5 {[#] ( -> ...Kf4)} 52. Ke3 Kg4 53. b4 Kg3 54. bxc5 {[#]} f2 $1 {[%cal Rf2f1]} 55. Kd4 {Accuracy: White = 26%, Black = 65%.} 0-1

[Event "11th LCC Super Blitz KO 2019"]
[Site "London"]
[Date "2019.12.08"]
[Round "5.1"]
[White "Gharamian, Tigran"]
[Black "Jones, Gawain C B"]
[Result "0-1"]
[WhiteElo "2603"]
[BlackElo "2683"]
[Annotator "TA"]
[PlyCount "48"]
[EventDate "2019.12.08"]
[EventType "k.o."]
[EventCountry "ENG"]
[SourceTitle "playchess.com"]
[Source "ChessBase"]
[SourceQuality "1"]

{[%evp 11,48,13,17,20,29,14,15,20,41,40,32,15,26,26,10,-21,-20,-71,-68,-70,-70,-72,-71,-65,-63,-93,-95,-104,-104,-112,-72,-76,-72,-75,-64,-347,-324,-1242,-1234]} 1. e4 e5 2. Nf3 Nc6 3. Bc4 Bc5 4. c3 Nf6 5. d3 d6 6. O-O a6 7. a4 {C54: Giuoco Piano: 4 c3 Nf6, main lines with 5 d4 and 5 d3} Ba7 8. Re1 Ng4 9. Re2 {The position is equal.} Qf6 10. Nbd2 g5 {next ...Nxf2 is good for Black.} 11. Qe1 h5 12. Nf1 Rg8 13. Ne3 $146 (13. Qd2 {keeps more tension.} Be6 14. Ba2 Bxa2 15. Rxa2 O-O-O 16. b4) ({Predecessor:} 13. Qd2 Be6 14. Bd5 Bxd5 15. exd5 {0-1 (29) Amin,B (2709)-Adhiban,B (2682) Zagreb 2018}) 13... Nxe3 14. Bxe3 {[#]} (14. fxe3 $11 Be6 15. Nd2) 14... Bg4 $1 $17 15. Bxa7 {aiming for Be3.} Bxf3 16. gxf3 {Be3 is the strong threat.} Nxa7 17. Re3 Nc6 {[%cal Ba7c6,Bc6e7,Be7g6,Bg6f4][%mdl 32]} 18. Kh1 Ne7 19. Qd2 Ng6 20. Rg1 Nf4 21. Ree1 Nh3 22. Rg3 g4 23. Rf1 $2 {[%mdl 8192] [#]} ({White should play} 23. fxg4 $15 hxg4 24. f3) 23... h4 $19 24. Rxh3 $2 (24. Rg2 Qxf3 25. Qe3) 24... gxh3 {Accuracy: White = 41%, Black = 78%.} 0-1

[Event "11th LCC Super Blitz KO 2019"]
[Site "London"]
[Date "2019.12.08"]
[Round "5.3"]
[White "Gharamian, Tigran"]
[Black "Jones, Gawain C B"]
[Result "1/2-1/2"]
[WhiteElo "2603"]
[BlackElo "2683"]
[Annotator "TA"]
[PlyCount "126"]
[EventDate "2019.12.08"]
[EventType "k.o."]
[EventCountry "ENG"]
[SourceTitle "playchess.com"]
[Source "ChessBase"]
[SourceQuality "1"]

{[%evp 16,126,7,9,5,-12,-4,-6,12,13,16,-16,-18,-34,-9,-65,0,0,0,0,0,0,0,0,0,-13,-12,-33,-14,-17,-19,-17,-16,-8,-6,-8,-4,-14,-7,-14,-6,-8,-2,0,0,0,0,0,0,0,0,0,0,-42,8,8,8,8,8,5,8,8,8,8,8,0,0,-62,8,8,8,0,72,72,72,65,50,20,64,64,63,59,66,52,59,47,47,32,31,25,28,28,28,25,34,13,13,13,14,8,8,8,8,0,0,0,8,8,19,0,8,8,8]} 1. e4 e5 2. Nf3 Nc6 3. Nc3 Nf6 4. d4 exd4 5. Nxd4 Bb4 6. Nxc6 bxc6 7. Bd3 d5 8. Bd2 O-O 9. O-O Rb8 {C47: Scotch Four Knights and Four Knights with 4 g3} (9... Bg4 10. Qc1 Re8 11. Nxd5 Nxd5 12. exd5 Bxd2 13. Qxd2 cxd5 14. Qf4 Be6 15. b4 c6 16. a4 Qb8 17. Qh4 {½-½ (38) Nepomniachtchi,I (2763)-Svidler,P (2737) St Petersburg 2018}) 10. a3 Bxc3 $146 ({Predecessor:} 10... Bd6 11. Bg5 Rxb2 12. exd5 cxd5 13. Nxd5 Bxh2+ 14. Kxh2 Qxd5 15. Bxf6 Qd6+ 16. g3 Qxf6 17. Qh5 g6 18. Qc5 Qf3 19. Qe5 Bb7 20. Rg1 Rd8 21. Qe2 Rxd3 22. Qxd3 Qh5# {0-1 (22) Popov,M (899)-Morau,J (1169) LSS email 2013}) 11. Bxc3 Nxe4 12. Bxe4 dxe4 13. Qh5 Rb5 14. Qe2 Qh4 {[#] aiming for ...Rh5.} 15. f3 (15. Qe3 $11) 15... exf3 (15... Rh5 $1 $15 16. h3 Rg5) 16. Qxf3 $11 Rh5 17. Qf4 Qxf4 18. Rxf4 Rd5 19. Re1 f6 20. Rc4 c5 21. b4 Ba6 22. Rxc5 Rxc5 23. bxc5 {[%mdl 4096] Endgame KRB-KRB} Kf7 24. Re4 Bb5 25. Ba5 Rd8 26. Bxc7 Rd1+ 27. Kf2 Rd2+ 28. Ke1 $1 {[%cal Re1d2]} Rxc2 29. Bd6 Rxg2 30. Re7+ Kg6 31. Rxa7 Kf5 32. a4 Bc6 33. a5 Ke4 34. Rc7 Kd5 35. a6 g5 36. Rxh7 Ra2 37. a7 f5 38. Rh5 Rxa7 39. Rxg5 Ke4 40. Kf2 Ra2+ 41. Kg3 {[#]} (41. Kg1 $11) 41... Ra3+ ({Black should play} 41... f4+ $1 $15 {[%mdl 512]} 42. Bxf4 Ra3+ 43. Kg4 Bd7+ 44. Kh5 Kxf4) 42. Kh4 Ra2 43. Bg3 Bd7 (43... Rc2 $11) 44. Rg7 $16 Bc6 45. Re7+ Kd4 46. Bd6 f4 47. Bxf4 Kxc5 48. Kg5 Rg2+ 49. Bg3 Bb5 50. Kf4 Re2 51. Rc7+ Kd5 52. h4 Re4+ 53. Kg5 Be2 54. Bf4 Re8 55. Rg7 Rh8 {The position is equal.} 56. Bg3 Ke6 57. Rg6+ Kf7 {Strongly threatening ...Rh5+.} 58. Rf6+ Ke7 59. Bd6+ Kd7 60. Bg3 Ke7 61. Rf2 Rg8+ 62. Kf4 Rf8+ 63. Ke3 Rxf2 {Accuracy: White = 49%, Black = 70%.} 1/2-1/2